| 000 | 00894nam a2200205 i 4500 | ||
|---|---|---|---|
| 001 | 40978 | ||
| 003 | ES-MaACL | ||
| 005 | 20230906160342.0 | ||
| 007 | t| | ||
| 008 | 030307s1959 sp ||||1| spa d | ||
| 245 | 0 | 0 |
_aEstudio agrobiológico y aspectos económicos de los partidos judiciales de Orihuela y Dolores (Alicante) / _cdirección y revisión O. Carpena Artes y A. Ortuño Martínez. |
| 260 |
_aMurcia : _bCentro de Edafología y Biología Aplicada del Segura, _c1959 ( _fPérez) |
||
| 300 |
_a168 p., 12 lám. col., 4 map. pleg. col. ; _c25 cm. |
||
| 650 | 4 |
_aAgricultura- _zMurcia (Comunidad Autónoma) _9170442 |
|
| 650 | 4 |
_aSuelos- _zMurcia (Comunidad Autónoma) _9170443 |
|
| 700 | 1 |
_aCarpena Artes, Octavio. _935429 |
|
| 700 | 1 |
_aOrtuño Martínez, Angel. _987686 |
|
| 710 | 2 |
_aCentro de Edafología y Biología Aplicada del Segura. _92609 |
|
| 852 |
_aES-MaACL _jC-37369 _bR.72633 |
||
| 999 |
_c40978 _d40978 |
||